| 000 | 00533nam a2200205Ia 4500 | ||
|---|---|---|---|
| 005 | 20260429112054.0 | ||
| 008 | 260429s9999||||xx |||||||||||||| ||und|| | ||
| 020 | _a9788170365716 | ||
| 041 | _aEnglish | ||
| 082 |
_a658.562 _bKAN |
||
| 100 | _aKanji, Gopal K. | ||
| 245 | 0 |
_a100 methods for total quality management / _cGopal K. Kanji |
|
| 250 | _a1st ed. | ||
| 260 |
_aNew Delhi : _bSage, _c2024. |
||
| 300 | _avi, 237 p.; pbk | ||
| 650 | _a Total quality | ||
| 650 | _aManagement | ||
| 700 | _a Asher, Mike | ||
| 942 | _cTB | ||
| 999 |
_c52203 _d52203 |
||